Unitary asymptotes and quasianalycity

Giving a detailed analysis of intertwining pairs, the categorical approach of unitary asymptotes of contractions is provided. The projectionfunctions connected with unitary asymptotes in the functional model are characterized. Finally, properties of quasianalytic Cio-contractions are examined in the...

Teljes leírás

Elmentve itt :
Bibliográfiai részletek
Szerző: Kérchy László
További közreműködők: Krisztin Tibor
Dokumentumtípus: Cikk
Megjelent: Bolyai Institute, University of Szeged Szeged 2013
Sorozat:Acta scientiarum mathematicarum 79 No. 1-2
Kulcsszavak:Szőkefalvi-Nagy Béla, Matematika
Tárgyszavak:
Online Access:http://acta.bibl.u-szeged.hu/30873
LEADER 01197nab a2200229 i 4500
001 acta30873
005 20260306092945.0
008 161017s2013 hu o 000 eng d
022 |a 0001-6969 
040 |a SZTE Egyetemi Kiadványok Repozitórium  |b hun 
041 |a eng 
100 1 |a Kérchy László 
245 1 0 |a Unitary asymptotes and quasianalycity  |h [elektronikus dokumentum] /  |c  Kérchy László 
260 |a Bolyai Institute, University of Szeged  |b Szeged  |c 2013 
300 |a 253-271 
490 0 |a Acta scientiarum mathematicarum  |v 79 No. 1-2 
520 3 |a Giving a detailed analysis of intertwining pairs, the categorical approach of unitary asymptotes of contractions is provided. The projectionfunctions connected with unitary asymptotes in the functional model are characterized. Finally, properties of quasianalytic Cio-contractions are examined in the cases, when the defect index dy is finite or the asymptotic spectral multiplicity function S* < 2. 
650 4 |a Természettudományok 
650 4 |a Matematika 
695 |a Szőkefalvi-Nagy Béla, Matematika 
700 0 1 |a Krisztin Tibor 
856 4 0 |u http://acta.bibl.u-szeged.hu/30873/1/math_079_numb_001_002_253-271.pdf  |z Dokumentum-elérés